|
|
|
|
| LEADER |
00000nam0a2200000 4500 |
| 001 |
333714 |
| 005 |
20231102004601.0 |
| 010 |
|
|
|a 9855091116
|
| 035 |
|
|
|a (RuTPU)RU\TPU\book\359727
|
| 090 |
|
|
|a 333714
|
| 100 |
|
|
|a 20170622d2006 m y0rusy50 ca
|
| 101 |
0 |
|
|a ger
|a rus
|
| 102 |
|
|
|a BY
|
| 105 |
|
|
|a y j 001zy
|
| 200 |
1 |
|
|a Практическая грамматика немецкого языка. Синтаксис
|e учебное пособие
|f О. М. Галай, В. Н. Кирись, М. А. Черкас
|
| 210 |
|
|
|a Минск
|c Аверсэв
|d 2006
|
| 215 |
|
|
|a 256 с.
|
| 225 |
1 |
|
|a Учебник высшей школы
|
| 320 |
|
|
|a Quellennachweis: p. 254-255
|
| 606 |
1 |
|
|a Немецкий язык
|x Для вузов
|x Пособия по грамматике
|2 stltpush
|3 (RuTPU)RU\TPU\subj\45396
|9 64638
|
| 610 |
1 |
|
|a лексика
|
| 610 |
1 |
|
|a синтаксис
|
| 610 |
1 |
|
|a синтаксические ошибки
|
| 610 |
1 |
|
|a упражнения
|
| 610 |
1 |
|
|a морфология
|
| 686 |
|
|
|a Ш143.24-923.2
|v LBC/SL-A
|2 rubbk
|
| 700 |
|
1 |
|a Галай
|b О. М.
|g Ольга Максимовна
|
| 701 |
|
1 |
|a Кирись
|b В. Н.
|g Валентина Никифоровна
|
| 701 |
|
1 |
|a Черкас
|b М. А.
|g Михаил Александрович
|
| 801 |
|
1 |
|a RU
|b 63413507
|c 20170622
|
| 801 |
|
2 |
|a RU
|b 63413507
|c 20221209
|g RCR
|
| 942 |
|
|
|c BK
|